Monólogos de Doña Agrícola / (Record no. 171813)

MARC details
000 -LEADER
campo de control de longitud fija 00448nam a22001455i 4500
001 - NÚMERO DE CONTROL
campo de control 171813
003 - IDENTIFICADOR DE NÚMERO DE CONTROL
campo de control ES-MaACL
005 - FECHA Y HORA DE LA ÚLTIMA TRANSACCIÓN
campo de control 20230906214734.0
008 - DATOS DE LONGITUD FIJA--INFORMACIÓN GENERAL
campo de control de longitud fija 090602s1970 sp |||| | spa d
100 1# - ENTRADA PRINCIPAL--NOMBRE DE PERSONA
Nombre de persona Solís Llorente, Luis.
9 (RLIN) 140430
245 10 - MENCIÓN DEL TÍTULO
Título Monólogos de Doña Agrícola /
Mención de responsabilidad, etc. Luis Solís Llorente.
260 ## - PUBLICACIÓN, DISTRIBUCIÓN, ETC.
Lugar de publicación, distribución, etc. [Sevilla :
Nombre del editor, distribuidor, etc. s.n.,
Fecha de publicación, distribución, etc. 1970] (
Fabricante Imp. San Antonio)
300 ## - DESCRIPCIÓN FÍSICA
Extensión 368 p. :
Otras características físicas il. ;
Dimensiones 21 cm.
852 ## - LOCALIZACIÓN
Ubicación ES-MaACL
Número de control de estantería C-46138
itemnumber R.75184
Holdings
Estatus retirado Estado de pérdida Estado de daño No para préstamo Biblioteca de origen Biblioteca actual Ubicación en estantería Fecha de adquisición Fuente de adquisición Total de préstamos Signatura topográfica completa Código de barras Visto por última vez Precio de reemplazo Tipo de ítem Koha
        Biblioteca del Ateneo de Madrid Biblioteca del Ateneo de Madrid Depósito 2 02/06/2009     C-46138 1180313 23/02/2023 23/02/2023 Libro impreso